000 00799nam a2200253Ia 4500
003 OSt
005 20220925225517.0
006 a|||||r|||| 00| 0
007 ta
008 220923b |||||||| |||| 00| 0 eng d
020 _a0803997108
_cDollar 30.00
037 _b950, 30/09/1985, UPPAL
_cGeneral Book
040 _aRTL
_cRTL
_beng
041 _2eng
_aeng
082 _aX:57, M5
100 _aTsoukalis Loukas Ed.
_9113513
245 0 _aPolitical economy of international money
_b In sear
260 _aLondon
_bSage Publications U. K.
_c1985
300 _avi, 313p.
_ccm.
490 _aRoyal Institute of International Affairs
650 _aForeign Exchange
942 _hX:57, M5
_cGB
_2CC
999 _c583730
_d583730